Στρατηγικές αντιμετώπισης του σχολικού εκφοβισμού διπλωματική εργασία [μεταπτυχιακή εργασία]

Αποθηκεύτηκε σε:
Λεπτομέρειες βιβλιογραφικής εγγραφής
Κύριος συγγραφέας: Δασκαλοπούλου, Γεωργία
Συγγραφή απο Οργανισμό/Αρχή: Πανεπιστήμιο Αιγαίου Σχολή Ανθρωπιστικών Επιστημών Τμήμα Επιστημών της Προσχολικής Αγωγής και του Εκπαιδευτικού Σχεδιασμού Πρόγραμμα Μεταπτυχιακών Σπουδών Μοντέλα Σχεδιασμού και Ανάπτυξης Εκπαιδευτικών Μονάδων
Άλλοι συγγραφείς: Πολεμικός, Νικήτας Ε. (Εισηγητής διατριβής)
Μορφή: Thesis Βιβλίο
Γλώσσα:Greek
Δημοσίευση: 2011
Θέματα:
Διαθέσιμο Online:http://hdl.handle.net/11610/14144
Ετικέτες: Προσθήκη ετικέτας
Δεν υπάρχουν, Καταχωρήστε ετικέτα πρώτοι!

MARC

LEADER 00000cam a2200000 i 4500
001 1/15135
008 110923s2011 gre d
035 |l 10110855 
040 |a GR-MY-UA  |b gre  |e aacr 
041 0 |a gre 
082 0 |a 371.58  |2 (22) 
100 1 |a Δασκαλοπούλου, Γεωργία. 
245 1 0 |a Στρατηγικές αντιμετώπισης του σχολικού εκφοβισμού/θυματοποίησης από Έλληνες και αλλοδαπούς μαθητές Ε' και ΣΤ' τάξης δημοτικού σχολείου :  |b διπλωματική εργασία [μεταπτυχιακή εργασία] /  |c Γεωργία Δασκαλοπούλου ; επιβλέπων: Νικήτας Πολεμικός 
260 |c 2011 
300 |a 193 σ.;  |b πιν.;  |c 30 εκ. 
500 |a Μέλη εξεταστικής επιτροπής: Γιώτα Ξανθάκου, Θωμάς Μπαμπάλης 
502 |a Διατριβή (μεταπτυχιακή) – Πανεπιστήμιο Αιγαίου, Ρόδος, 2011. 
504 |a Βιβλιογραφία: σ. 164-185 
650 0 0 |a Bullying. 
650 0 0 |a School violence  |z Greece. 
650 0 0 |a Aggressiveness in children. 
650 0 0 |a School psychology. 
650 0 0 |a Dissertations, Academic  |z Greece. 
700 1 |a Πολεμικός, Νικήτας Ε.  |4 ths 
710 2 |a Πανεπιστήμιο Αιγαίου   |b Σχολή Ανθρωπιστικών Επιστημών   |b Τμήμα Επιστημών της Προσχολικής Αγωγής και του Εκπαιδευτικού Σχεδιασμού   |b Πρόγραμμα Μεταπτυχιακών Σπουδών Μοντέλα Σχεδιασμού και Ανάπτυξης Εκπαιδευτικών Μονάδων . 
852 |a INST  |b RHODES  |c DIATR  |e 20110923  |h 371.58 ΔΑΣ  |p 005400033611  |q 005400033611  |t MTXE  |y 23 
852 |a INST  |b RHODES  |c DIATR  |e 20110923  |h 371.58 ΔΑΣ  |p 005400033612  |q 005400033612  |t MTXE  |y 23 
856 |u http://hdl.handle.net/11610/14144 
901 |a BIBL4-2011-3 
909 |a Ρ  |b 170267 
909 |a Ρ  |b 170268 
924 |a ΔΑΣΚΑΛΟΠΟΥΛΟΥ  |b ΓΕΩΡΓΙΑ  |y ΡΟΔΟΣ  |z 2011-09 
970 |z 2010/05/